| 000 | 00723nam0a22002411 4500 | ||
|---|---|---|---|
| 001 | rc\130299 | ||
| 005 | 20030307112149.6 | ||
| 010 |
_a5-87872-015-7 _912000 |
||
| 035 | _a(NLR Aleph) 005405009 | ||
| 090 |
_a7313330 _c7313330 |
||
| 100 | _a20030307d1992 u |0rusy50 ca | ||
| 101 | 0 | _arus | |
| 102 | _aRU | ||
| 105 | _aa ||||||||| | ||
| 200 | 1 |
_aКлад _e[Легенды и мифы] |
|
| 210 |
_aРостов н/Д _cИзд-во Сев.-Кавк. центра высш. шк. _dБ. г. (1992) |
||
| 215 |
_a[16] с. _cил. _d21х26 |
||
| 700 | 1 |
_aЧеснок _bВ. Ф. _gВалерий Федорович |
|
| 801 | 0 |
_aRU _bNLR _gpsbo |
|
| 801 | 1 |
_aRU _bELAR _2rusmarc |
|
| 852 |
_aNLR _j93-7/297 |
||
| 942 | _cBOOK | ||
| 980 | _aNB | ||